[Event "World Team Chess Championship"]
[Site "Khanty-Mansiysk, RUS."]
[Date "2017.06.21"]
[Round "5.13"]
[White "Ponomariov Ruslan (UKR)"]
[Black "Wojtaszek Radoslaw (POL)"]
[Result "0-1"]
[BlackElo "2730"]
[WhiteElo "2712"]
[LiveChessVersion "1.4.8"]

1. e4 {[%clk 1:30:57]} c5 {[%clk 1:30:56]} 2. Nf3 {[%clk 1:31:19]} d6
{[%clk 1:31:23]} 3. d4 {[%clk 1:31:35]} cxd4 {[%clk 1:31:48]} 4. Nxd4
{[%clk 1:31:57]} Nf6 {[%clk 1:32:12]} 5. Nc3 {[%clk 1:32:17]} a6 {[%clk 1:32:39]}
6. Be3 {[%clk 1:32:21]} Ng4 {[%clk 1:33:03]} 7. Bc1 {[%clk 1:32:34]} Nf6
{[%clk 1:33:28]} 8. f3 {[%clk 1:32:50]} e6 {[%clk 1:33:52]} 9. Be3
{[%clk 1:32:56]} b5 {[%clk 1:34:15]} 10. Qd2 {[%clk 1:30:48]} Nbd7
{[%clk 1:34:30]} 11. g4 {[%clk 1:30:32]} h6 {[%clk 1:34:53]} 12. a3
{[%clk 1:28:42]} Bb7 {[%clk 1:35:17]} 13. O-O-O {[%clk 1:29:01]} Rc8
{[%clk 1:35:37]} 14. Kb1 {[%clk 1:24:41]} d5 {[%clk 1:35:02]} 15. exd5 Nxd5
{[%clk 1:35:27]} 16. Nxd5 {[%clk 1:23:36]} Bxd5 {[%clk 1:35:54]} 17. Be2
{[%clk 1:07:41]} Bc5 {[%clk 1:35:10]} 18. Rhg1 {[%clk 0:56:54]} O-O
{[%clk 1:12:28]} 19. h4 {[%clk 0:52:13]} Ne5 {[%clk 1:09:49]} 20. f4
{[%clk 0:48:05]} Nc4 {[%clk 1:07:20]} 21. Bxc4 {[%clk 0:48:12]} bxc4
{[%clk 1:07:45]} 22. g5 {[%clk 0:34:06]} h5 {[%clk 1:00:17]} 23. g6
{[%clk 0:30:03]} Qxh4 {[%clk 0:45:28]} 24. f5 {[%clk 0:27:31]} Qh3
{[%clk 0:26:36]} 25. gxf7+ {[%clk 0:18:45]} Rxf7 {[%clk 0:26:35]} 26. fxe6
{[%clk 0:12:59]} Rb7 {[%clk 0:19:26]} 27. Rg5 {[%clk 0:08:15]} Bxd4
{[%clk 0:12:31]} 28. Qxd4 {[%clk 0:07:36]} Bxe6 {[%clk 0:12:54]} 29. Rdg1
{[%clk 0:06:59]} Rcc7 {[%clk 0:12:29]} 30. R5g3 {[%clk 0:04:22]} Qf5
{[%clk 0:11:55]} 31. Bh6 {[%clk 0:04:18]} Qf8 {[%clk 0:12:08]} 32. Rg6
{[%clk 0:00:59]} c3 {[%clk 0:09:15]} 33. b4 {[%clk 0:00:32]} Bg4 {[%clk 0:09:42]}
34. Bf4 {[%clk 0:00:33]} Rf7 {[%clk 0:10:06]} 35. Bc1 {[%clk 0:00:33]} a5
{[%clk 0:09:43]} 36. Rd6 {[%clk 0:00:33]} Rb8 {[%clk 0:10:11]} 37. Qd5
{[%clk 0:00:35]} Kh7 {[%clk 0:09:27]} 38. Ka1 {[%clk 0:00:31]} axb4
{[%clk 0:09:38]} 39. a4 {[%clk 0:00:34]} Ra7 {[%clk 0:07:27]} 40. Kb1
{[%clk 0:30:38]} b3 {[%clk 0:35:18]} 41. cxb3 {[%clk 0:28:11]} Rxb3+
{[%clk 0:23:12]} 42. Kc2 {[%clk 0:26:05]} Rb8 {[%clk 0:20:20]} 43. Be3
{[%clk 0:19:35]} Bf5+ {[%clk 0:18:47]} 44. Kxc3 {[%clk 0:19:52]} Rc7+
{[%clk 0:18:34]} 45. Bc5 {[%clk 0:19:51]} Rbc8 {[%clk 0:18:09]} 0-1

[Event "World Team Chess Championship"]
[Site "Khanty-Mansiysk, RUS."]
[Date "2017.06.21"]
[Round "5.14"]
[White "Duda Jan-Krzysztof (POL)"]
[Black "Korobov Anton (UKR)"]
[Result "1/2-1/2"]
[BlackElo "2711"]
[WhiteElo "2697"]
[LiveChessVersion "1.4.8"]

1. e4 {[%clk 1:30:57]} e6 {[%clk 1:30:49]} 2. d4 {[%clk 1:31:21]} d5
{[%clk 1:31:11]} 3. Nd2 {[%clk 1:31:44]} c5 {[%clk 1:30:48]} 4. exd5
{[%clk 1:31:57]} exd5 {[%clk 1:31:02]} 5. Ngf3 {[%clk 1:31:47]} Nc6
{[%clk 1:31:25]} 6. Bb5 {[%clk 1:30:50]} Bd6 {[%clk 1:31:48]} 7. O-O
{[%clk 1:29:02]} Nge7 {[%clk 1:32:11]} 8. dxc5 {[%clk 1:21:20]} Bxc5
{[%clk 1:32:35]} 9. Nb3 {[%clk 1:21:41]} Bb6 {[%clk 1:32:42]} 10. Re1
{[%clk 1:20:52]} O-O {[%clk 1:32:37]} 11. Be3 {[%clk 1:18:56]} Bg4
{[%clk 1:22:36]} 12. Bxb6 {[%clk 1:09:54]} Qxb6 {[%clk 1:22:12]} 13. Bxc6
{[%clk 1:07:19]} Nxc6 {[%clk 1:22:36]} 14. Qxd5 {[%clk 1:07:09]} Nb4
{[%clk 1:22:19]} 15. Qe4 {[%clk 1:07:26]} Bxf3 {[%clk 1:21:48]} 16. gxf3
{[%clk 1:07:50]} Rad8 {[%clk 1:15:41]} 17. Rad1 {[%clk 1:00:29]} h6
{[%clk 1:12:12]} 18. a3 {[%clk 0:54:25]} Nc6 {[%clk 1:07:51]} 19. Kg2
{[%clk 0:53:13]} Qb5 {[%clk 1:02:20]} 20. h4 {[%clk 0:51:16]} Qb6
{[%clk 1:00:01]} 21. Rxd8 {[%clk 0:44:51]} Rxd8 {[%clk 0:55:34]} 22. Qf4
{[%clk 0:44:51]} Qb5 {[%clk 0:52:18]} 23. Re4 {[%clk 0:40:43]} Qd5
{[%clk 0:47:13]} 24. Qe3 {[%clk 0:35:56]} Rd6 {[%clk 0:46:28]} 25. Qd3
{[%clk 0:28:29]} Qxd3 {[%clk 0:44:32]} 26. cxd3 {[%clk 0:27:56]} Rxd3
{[%clk 0:44:56]} 27. Nc5 {[%clk 0:28:20]} Rd2 {[%clk 0:45:21]} 28. Nxb7
{[%clk 0:28:19]} Rxb2 {[%clk 0:45:27]} 29. Nd8 {[%clk 0:28:14]} 1/2-1/2

[Event "World Team Chess Championship"]
[Site "Khanty-Mansiysk, RUS."]
[Date "2017.06.21"]
[Round "5.15"]
[White "Moiseenko Alexander (UKR)"]
[Black "Piorun Kacper (POL)"]
[Result "1/2-1/2"]
[BlackElo "2631"]
[WhiteElo "2677"]
[LiveChessVersion "1.4.8"]

1. d4 {[%clk 1:30:58]} Nf6 {[%clk 1:30:51]} 2. c4 {[%clk 1:31:22]} e6
{[%clk 1:31:14]} 3. Nf3 {[%clk 1:31:46]} d5 {[%clk 1:31:39]} 4. Nc3
{[%clk 1:32:02]} Bb4 {[%clk 1:32:01]} 5. cxd5 {[%clk 1:31:00]} exd5
{[%clk 1:32:23]} 6. Bg5 {[%clk 1:31:27]} Qd6 {[%clk 1:32:42]} 7. Bxf6
{[%clk 1:17:32]} Qxf6 {[%clk 1:32:43]} 8. Qb3 {[%clk 1:17:07]} Qb6
{[%clk 1:32:26]} 9. e3 {[%clk 1:11:07]} c6 {[%clk 1:24:15]} 10. Bd3
{[%clk 1:09:44]} Nd7 {[%clk 1:20:42]} 11. O-O {[%clk 1:09:06]} O-O
{[%clk 1:15:27]} 12. Na4 {[%clk 1:01:55]} Qa5 {[%clk 1:15:35]} 13. Qc2
{[%clk 1:00:08]} g6 {[%clk 1:08:41]} 14. a3 {[%clk 0:59:24]} Bd6 {[%clk 1:07:34]}
15. b4 {[%clk 0:59:43]} Qc7 {[%clk 1:07:07]} 16. b5 {[%clk 0:56:19]} c5
{[%clk 0:58:05]} 17. dxc5 {[%clk 0:52:42]} Nxc5 {[%clk 0:58:17]} 18. Nxc5
{[%clk 0:51:42]} Bxc5 {[%clk 0:58:24]} 19. Rfd1 {[%clk 0:46:29]} Qe7
{[%clk 0:52:01]} 20. Qb2 {[%clk 0:43:36]} Rd8 {[%clk 0:48:23]} 21. Be2
{[%clk 0:42:48]} a6 {[%clk 0:45:45]} 22. bxa6 {[%clk 0:36:42]} b6
{[%clk 0:40:15]} 23. Nd4 {[%clk 0:30:21]} Qf6 {[%clk 0:40:40]} 24. Qb3
{[%clk 0:30:00]} Bxa6 {[%clk 0:40:16]} 25. Bxa6 {[%clk 0:30:24]} Rxa6
{[%clk 0:40:43]} 26. a4 {[%clk 0:30:20]} Ra5 {[%clk 0:39:11]} 27. h3
{[%clk 0:25:53]} h5 {[%clk 0:21:14]} 28. Ra2 {[%clk 0:24:11]} Rd7
{[%clk 0:18:44]} 29. Rad2 {[%clk 0:20:27]} Qh4 {[%clk 0:17:58]} 30. Nc6
{[%clk 0:13:23]} Rxa4 {[%clk 0:15:19]} 31. Ne5 {[%clk 0:12:58]} Rd6
{[%clk 0:08:45]} 32. Rxd5 {[%clk 0:12:15]} Rxd5 {[%clk 0:08:43]} 33. Qxd5
{[%clk 0:12:36]} Qf6 {[%clk 0:08:23]} 34. Nd7 {[%clk 0:11:35]} Qe7
{[%clk 0:07:13]} 35. Qc6 {[%clk 0:07:54]} Ra2 {[%clk 0:04:59]} 36. Nxb6
{[%clk 0:06:00]} Bxb6 {[%clk 0:04:25]} 37. Qxb6 {[%clk 0:06:22]} Qe5
{[%clk 0:04:12]} 38. Qc6 {[%clk 0:03:31]} Kg7 {[%clk 0:04:02]} 39. g3
{[%clk 0:03:02]} Qf6 {[%clk 0:03:52]} 40. Qg2 {[%clk 0:32:45]} Qb2
{[%clk 0:32:46]} 41. h4 {[%clk 0:28:45]} Qe2 {[%clk 0:31:12]} 42. Rf1
{[%clk 0:28:45]} Qd3 {[%clk 0:26:30]} 43. Qf3 {[%clk 0:28:08]} Qc3
{[%clk 0:26:31]} 44. Kg2 {[%clk 0:27:24]} Qf6 {[%clk 0:26:39]} 45. Qd5
{[%clk 0:27:28]} Re2 {[%clk 0:25:51]} 46. Qf3 {[%clk 0:19:04]} Qxf3+
{[%clk 0:26:16]} 47. Kxf3 {[%clk 0:19:30]} Ra2 {[%clk 0:26:41]} 48. Re1
{[%clk 0:18:17]} Rb2 {[%clk 0:26:01]} 49. Re2 {[%clk 0:18:41]} Rb3
{[%clk 0:26:25]} 50. Ra2 {[%clk 0:19:01]} Rc3 {[%clk 0:26:29]} 51. Kf4
{[%clk 0:19:03]} Rb3 {[%clk 0:26:47]} 52. e4 {[%clk 0:18:13]} Rb5
{[%clk 0:26:53]} 53. Ra7 {[%clk 0:17:31]} Rb2 {[%clk 0:27:12]} 54. f3
{[%clk 0:17:51]} Rb1 {[%clk 0:24:38]} 55. Rd7 {[%clk 0:15:20]} Ra1
{[%clk 0:25:00]} 56. e5 {[%clk 0:15:01]} Ra4+ {[%clk 0:25:06]} 57. Ke3
{[%clk 0:15:25]} Ra3+ {[%clk 0:23:14]} 58. Rd3 {[%clk 0:15:37]} Ra4
{[%clk 0:23:40]} 59. Rd4 {[%clk 0:15:24]} Ra3+ {[%clk 0:23:58]} 60. Ke4
{[%clk 0:15:42]} Kf8 {[%clk 0:23:11]} 61. Rd7 {[%clk 0:14:07]} Ra4+
{[%clk 0:22:31]} 62. Ke3 {[%clk 0:14:31]} Ra3+ {[%clk 0:22:41]} 63. Kf4
{[%clk 0:14:40]} Ra4+ {[%clk 0:19:37]} 64. Kg5 {[%clk 0:14:27]} Ra3
{[%clk 0:20:04]} 65. Kf4 {[%clk 0:12:13]} Ra4+ {[%clk 0:20:27]} 66. Ke3
{[%clk 0:12:38]} Ra3+ {[%clk 0:20:39]} 67. Rd3 {[%clk 0:11:01]} Ra4
{[%clk 0:21:02]} 68. f4 {[%clk 0:10:59]} Kg7 {[%clk 0:19:55]} 69. Kf3
{[%clk 0:11:12]} Rb4 {[%clk 0:20:03]} 70. Ra3 {[%clk 0:10:41]} Rc4
{[%clk 0:20:18]} 71. g4 {[%clk 0:08:12]} hxg4+ {[%clk 0:20:42]} 72. Kxg4
{[%clk 0:08:41]} Re4 {[%clk 0:19:17]} 73. Kg5 {[%clk 0:08:31]} Re1
{[%clk 0:19:30]} 74. Rg3 {[%clk 0:08:43]} Rh1 {[%clk 0:14:33]} 75. Rg4
{[%clk 0:08:26]} Rh2 {[%clk 0:14:31]} 76. f5 {[%clk 0:07:25]} gxf5
{[%clk 0:14:54]} 77. Kxf5+ {[%clk 0:07:52]} Kf8 {[%clk 0:15:17]} 78. Kg5
{[%clk 0:06:07]} Re2 {[%clk 0:15:29]} 79. Kf5 {[%clk 0:05:29]} Rh2
{[%clk 0:15:21]} 80. Kg5 {[%clk 0:04:29]} Re2 {[%clk 0:15:39]} 81. Kf4
{[%clk 0:04:50]} Rh2 {[%clk 0:15:31]} 82. Kg3 {[%clk 0:05:04]} Re2
{[%clk 0:15:47]} 83. Rg5 {[%clk 0:05:27]} f6 {[%clk 0:15:45]} 84. exf6
{[%clk 0:05:02]} Kf7 {[%clk 0:16:09]} 85. h5 {[%clk 0:04:01]} Kxf6
{[%clk 0:15:53]} 86. Rg4 {[%clk 0:03:56]} Re1 {[%clk 0:16:03]} 87. Rg6+
{[%clk 0:03:44]} Kf5 {[%clk 0:15:39]} 88. Kh2 {[%clk 0:03:36]} Re6
{[%clk 0:15:57]} 1/2-1/2

[Event "World Team Chess Championship"]
[Site "Khanty-Mansiysk, RUS."]
[Date "2017.06.21"]
[Round "5.16"]
[White "Gajewski Grzegorz (POL)"]
[Black "Kravtsiv Martyn (UKR)"]
[Result "1-0"]
[BlackElo "2653"]
[WhiteElo "2628"]
[LiveChessVersion "1.4.8"]

1. c4 {[%clk 1:30:56]} e6 {[%clk 1:30:53]} 2. Nc3 {[%clk 1:31:20]} d5
{[%clk 1:31:19]} 3. d4 {[%clk 1:31:46]} Nf6 {[%clk 1:31:38]} 4. cxd5
{[%clk 1:31:50]} exd5 {[%clk 1:31:56]} 5. Bg5 {[%clk 1:32:03]} c6
{[%clk 1:31:58]} 6. e3 {[%clk 1:30:24]} Be7 {[%clk 1:31:42]} 7. Bd3
{[%clk 1:26:32]} Nbd7 {[%clk 1:31:02]} 8. Bf4 {[%clk 1:23:04]} Nb6
{[%clk 1:24:42]} 9. h3 {[%clk 1:22:07]} Bd6 {[%clk 1:12:33]} 10. Bxd6
{[%clk 1:17:18]} Qxd6 {[%clk 1:10:44]} 11. Nf3 {[%clk 1:17:42]} O-O
{[%clk 0:58:16]} 12. Qc2 {[%clk 1:17:49]} Qe7 {[%clk 0:57:21]} 13. g4
{[%clk 1:06:46]} g6 {[%clk 0:48:00]} 14. O-O-O {[%clk 1:07:00]} Be6
{[%clk 0:46:24]} 15. Kb1 {[%clk 1:06:33]} Rac8 {[%clk 0:44:36]} 16. Ne5
{[%clk 0:59:07]} c5 {[%clk 0:40:36]} 17. f3 {[%clk 0:56:37]} Nfd7
{[%clk 0:37:10]} 18. f4 {[%clk 0:51:04]} cxd4 {[%clk 0:35:21]} 19. exd4
{[%clk 0:51:27]} Nxe5 {[%clk 0:34:20]} 20. fxe5 {[%clk 0:51:17]} Nc4
{[%clk 0:34:21]} 21. Bxc4 {[%clk 0:42:19]} Rxc4 {[%clk 0:34:42]} 22. Qg2
{[%clk 0:41:25]} Qd7 {[%clk 0:32:27]} 23. Qd2 {[%clk 0:39:56]} Rfc8
{[%clk 0:31:09]} 24. Rc1 {[%clk 0:37:56]} Qc6 {[%clk 0:16:13]} 25. Rhd1
{[%clk 0:33:33]} a5 {[%clk 0:11:39]} 26. a4 {[%clk 0:27:12]} Bd7 {[%clk 0:09:39]}
27. Rf1 {[%clk 0:24:08]} Qb6 {[%clk 0:08:06]} 28. Qf4 {[%clk 0:16:25]} Qe6
{[%clk 0:07:51]} 29. Qe3 {[%clk 0:14:36]} Bxa4 {[%clk 0:06:23]} 30. Rf6
{[%clk 0:14:07]} Qe7 {[%clk 0:05:39]} 31. Rcf1 {[%clk 0:12:04]} Qb4
{[%clk 0:05:17]} 32. e6 {[%clk 0:09:25]} Rxc3 {[%clk 0:04:59]} 33. exf7+
{[%clk 0:09:46]} Kg7 {[%clk 0:05:16]} 34. Qxc3 {[%clk 0:09:58]} Rxc3
{[%clk 0:05:27]} 35. f8=Q+ {[%clk 0:10:22]} Qxf8 {[%clk 0:05:53]} 36. Rxf8
{[%clk 0:10:48]} Bc2+ {[%clk 0:04:00]} 37. Kc1 {[%clk 0:09:57]} Rc7
{[%clk 0:02:48]} 38. Kd2 {[%clk 0:10:10]} Be4 {[%clk 0:03:00]} 39. R8f2
{[%clk 0:06:34]} a4 {[%clk 0:02:16]} 40. Rc1 {[%clk 0:36:19]} Rxc1
{[%clk 0:32:09]} 41. Kxc1 {[%clk 0:36:18]} b5 {[%clk 0:32:23]} 42. Kd2
{[%clk 0:36:08]} b4 {[%clk 0:32:48]} 43. Rf1 {[%clk 0:36:16]} a3 {[%clk 0:16:10]}
44. bxa3 {[%clk 0:35:17]} bxa3 {[%clk 0:16:37]} 45. g5 {[%clk 0:19:31]} a2
{[%clk 0:15:22]} 46. Kc3 {[%clk 0:12:30]} Bg2 {[%clk 0:06:33]} 47. Ra1
{[%clk 0:12:46]} Bxh3 {[%clk 0:03:08]} 48. Rxa2 {[%clk 0:13:14]} h5
{[%clk 0:03:33]} 49. gxh6+ {[%clk 0:12:02]} Kh7 {[%clk 0:03:59]} 50. Rh2
{[%clk 0:12:03]} Bg4 {[%clk 0:04:24]} 51. Kd3 {[%clk 0:11:13]} Bh5
{[%clk 0:04:27]} 52. Ke3 {[%clk 0:11:36]} Kxh6 {[%clk 0:04:48]} 53. Kf4
{[%clk 0:12:01]} Kg7 {[%clk 0:04:18]} 54. Rb2 {[%clk 0:11:49]} Kf6
{[%clk 0:04:42]} 55. Rb6+ {[%clk 0:12:13]} Ke7 {[%clk 0:05:08]} 56. Ke5
{[%clk 0:11:06]} Bf3 {[%clk 0:04:43]} 57. Rxg6 {[%clk 0:11:02]} Kd7
{[%clk 0:04:12]} 58. Rg7+ {[%clk 0:10:28]} Kc6 {[%clk 0:04:23]} 59. Rg3
{[%clk 0:10:10]} Be4 {[%clk 0:04:32]} 60. Ke6 {[%clk 0:10:18]} Kc7
{[%clk 0:04:09]} 61. Ke7 {[%clk 0:10:37]} 1-0

[Event "World Team Chess Championship"]
[Site "Khanty-Mansiysk, RUS."]
[Date "2017.06.21"]
[Round "5.19"]
[White "Vitiugov Nikita (RUS)"]
[Black "Elsness Frode (NOR)"]
[Result "1-0"]
[BlackElo "2466"]
[WhiteElo "2720"]
[LiveChessVersion "1.4.8"]

1. c4 {[%clk 1:30:30]} Nf6 {[%clk 1:30:52]} 2. Nc3 {[%clk 1:30:50]} e6
{[%clk 1:31:18]} 3. e4 {[%clk 1:30:45]} d5 {[%clk 1:31:44]} 4. cxd5
{[%clk 1:30:28]} exd5 {[%clk 1:32:10]} 5. e5 {[%clk 1:30:50]} Ne4
{[%clk 1:31:48]} 6. Nf3 {[%clk 1:30:50]} Bf5 {[%clk 1:31:18]} 7. d3
{[%clk 1:30:13]} Nxc3 {[%clk 1:31:01]} 8. bxc3 {[%clk 1:30:41]} c5
{[%clk 1:26:22]} 9. d4 {[%clk 1:30:40]} Nc6 {[%clk 1:25:05]} 10. Bd3
{[%clk 1:29:33]} Qd7 {[%clk 1:19:51]} 11. Bxf5 {[%clk 1:22:44]} Qxf5
{[%clk 1:20:15]} 12. O-O {[%clk 1:22:18]} Be7 {[%clk 1:18:21]} 13. dxc5
{[%clk 1:18:23]} Rd8 {[%clk 1:03:27]} 14. Be3 {[%clk 1:11:50]} O-O
{[%clk 0:59:14]} 15. Rb1 {[%clk 1:08:21]} Rd7 {[%clk 0:54:02]} 16. Bd4
{[%clk 1:04:46]} Rc8 {[%clk 0:45:43]} 17. Re1 {[%clk 1:03:31]} Rdc7
{[%clk 0:37:13]} 18. Rb2 {[%clk 0:57:15]} Nd8 {[%clk 0:26:30]} 19. Qa4
{[%clk 0:37:12]} a6 {[%clk 0:18:17]} 20. Rb6 {[%clk 0:29:08]} Ne6
{[%clk 0:14:49]} 21. c6 {[%clk 0:26:03]} bxc6 {[%clk 0:13:54]} 22. Rxa6
{[%clk 0:23:12]} Nf4 {[%clk 0:12:41]} 23. Be3 {[%clk 0:21:27]} Nd3
{[%clk 0:11:37]} 24. Rf1 {[%clk 0:13:55]} c5 {[%clk 0:11:14]} 25. Qc2
{[%clk 0:11:02]} d4 {[%clk 0:07:07]} 26. cxd4 {[%clk 0:07:47]} cxd4
{[%clk 0:07:35]} 27. Nxd4 {[%clk 0:08:12]} Qe4 {[%clk 0:06:00]} 28. Qb1
{[%clk 0:07:23]} Bc5 {[%clk 0:04:31]} 29. Ra4 {[%clk 0:05:52]} Rb7
{[%clk 0:02:22]} 30. Nf3 {[%clk 0:05:10]} Qd5 {[%clk 0:01:31]} 31. Qc2
{[%clk 0:05:09]} Rbc7 {[%clk 0:01:09]} 32. Qb3 {[%clk 0:03:00]} Qxb3
{[%clk 0:00:38]} 33. axb3 {[%clk 0:03:29]} Bxe3 {[%clk 0:01:02]} 34. fxe3
{[%clk 0:03:56]} h6 {[%clk 0:00:39]} 35. h3 {[%clk 0:02:40]} Rc3 {[%clk 0:00:33]}
36. Ra7 {[%clk 0:02:24]} Rb8 {[%clk 0:00:34]} 37. e6 {[%clk 0:02:22]} fxe6
{[%clk 0:00:50]} 38. Nd4 {[%clk 0:02:49]} Ne5 {[%clk 0:00:39]} 39. Nxe6
{[%clk 0:02:48]} Rc6 {[%clk 0:00:39]} 40. Nxg7 {[%clk 0:31:02]} Rxb3
{[%clk 0:30:54]} 41. Nh5 {[%clk 0:28:30]} Ng6 {[%clk 0:26:50]} 42. Ra8+
{[%clk 0:28:33]} 1-0

[Event "World Team Chess Championship"]
[Site "Khanty-Mansiysk, RUS."]
[Date "2017.06.21"]
[Round "5.20"]
[White "Hauge Lars Oskar (NOR)"]
[Black "Fedoseev Vladimir (RUS)"]
[Result "0-1"]
[BlackElo "2690"]
[WhiteElo "2448"]
[LiveChessVersion "1.4.8"]

1. e4 {[%clk 1:30:50]} c6 {[%clk 1:30:50]} 2. Ne2 {[%clk 1:25:29]} Qa5
{[%clk 1:26:28]} 3. c4 {[%clk 1:12:54]} Nf6 {[%clk 1:19:45]} 4. Nbc3
{[%clk 1:12:55]} e5 {[%clk 1:20:09]} 5. f4 {[%clk 0:54:28]} exf4 {[%clk 1:13:05]}
6. Nxf4 {[%clk 0:49:38]} Bb4 {[%clk 1:13:29]} 7. Bd3 {[%clk 0:44:09]} d6
{[%clk 1:08:37]} 8. O-O {[%clk 0:42:44]} O-O {[%clk 1:07:18]} 9. Kh1
{[%clk 0:34:51]} Bg4 {[%clk 1:03:30]} 10. Qe1 {[%clk 0:35:12]} Nbd7
{[%clk 1:02:56]} 11. Bc2 {[%clk 0:34:08]} Rae8 {[%clk 0:59:25]} 12. Qg3
{[%clk 0:33:53]} Bxc3 {[%clk 0:58:55]} 13. dxc3 {[%clk 0:32:50]} Be6
{[%clk 0:50:09]} 14. b3 {[%clk 0:30:23]} Qe5 {[%clk 0:50:11]} 15. Ne2
{[%clk 0:27:54]} Bg4 {[%clk 0:44:35]} 16. Bf4 {[%clk 0:21:58]} Qh5
{[%clk 0:44:52]} 17. Nd4 {[%clk 0:22:23]} Nc5 {[%clk 0:42:48]} 18. h3
{[%clk 0:17:22]} Be2 {[%clk 0:37:50]} 19. Nf5 {[%clk 0:14:57]} g6
{[%clk 0:35:26]} 20. Nxd6 {[%clk 0:14:08]} Bxf1 {[%clk 0:34:35]} 21. Nxe8
{[%clk 0:14:25]} Bxg2+ {[%clk 0:34:13]} 22. Qxg2 {[%clk 0:14:46]} Rxe8
{[%clk 0:34:36]} 23. Re1 {[%clk 0:14:33]} Qh4 {[%clk 0:33:23]} 24. Bg3
{[%clk 0:14:53]} Qh6 {[%clk 0:33:39]} 25. Bh2 {[%clk 0:13:18]} Rd8
{[%clk 0:32:07]} 26. Re2 {[%clk 0:12:15]} Ne6 {[%clk 0:30:03]} 27. Rf2
{[%clk 0:12:00]} Qe3 {[%clk 0:24:55]} 28. Rf3 {[%clk 0:07:01]} Qe1+
{[%clk 0:24:55]} 29. Qg1 {[%clk 0:07:23]} Qh4 {[%clk 0:24:18]} 30. Qf2
{[%clk 0:06:22]} Qg5 {[%clk 0:23:02]} 31. Qg2 {[%clk 0:03:00]} Nh5
{[%clk 0:20:15]} 32. Qxg5 {[%clk 0:00:57]} Nxg5 {[%clk 0:20:33]} 33. Rd3
{[%clk 0:01:24]} Rxd3 {[%clk 0:20:51]} 34. Bxd3 {[%clk 0:01:52]} Nxh3
{[%clk 0:21:12]} 35. Bc2 {[%clk 0:02:00]} Nf6 {[%clk 0:19:42]} 36. Bb8
{[%clk 0:01:25]} a6 {[%clk 0:19:57]} 37. Kg2 {[%clk 0:01:15]} Ng5
{[%clk 0:20:21]} 38. e5 {[%clk 0:01:40]} Nfe4 {[%clk 0:20:09]} 39. a4
{[%clk 0:02:01]} Nxc3 {[%clk 0:20:17]} 40. b4 {[%clk 0:31:41]} Ne6
{[%clk 0:46:33]} 41. Kf2 {[%clk 0:30:50]} Nd4 {[%clk 0:46:09]} 42. Bd3
{[%clk 0:30:34]} Nd1+ {[%clk 0:45:53]} 0-1

[Event "World Team Chess Championship"]
[Site "Khanty-Mansiysk, RUS."]
[Date "2017.06.23"]
[Round "6.2"]
[White "Urkedal Frode (NOR)"]
[Black "Kovalev Vladislav (BLR)"]
[Result "0-1"]
[BlackElo "2641"]
[WhiteElo "2541"]
[LiveChessVersion "1.4.8"]

1. d4 {[%clk 1:30:58]} Nf6 {[%clk 1:30:43]} 2. c4 {[%clk 1:31:23]} g6
{[%clk 1:31:06]} 3. Nc3 {[%clk 1:31:49]} Bg7 {[%clk 1:31:33]} 4. e4
{[%clk 1:32:14]} d6 {[%clk 1:32:01]} 5. Nf3 {[%clk 1:32:40]} O-O {[%clk 1:32:26]}
6. h3 {[%clk 1:33:07]} e5 {[%clk 1:32:23]} 7. d5 {[%clk 1:33:33]} Nh5
{[%clk 1:32:44]} 8. g3 {[%clk 1:33:57]} Na6 {[%clk 1:33:03]} 9. Be2
{[%clk 1:34:03]} Nc5 {[%clk 1:33:25]} 10. b4 {[%clk 1:32:11]} Nd7
{[%clk 1:33:38]} 11. Bg5 {[%clk 1:32:39]} f6 {[%clk 1:32:46]} 12. Bd2
{[%clk 1:33:07]} a5 {[%clk 1:32:10]} 13. a3 {[%clk 1:33:17]} axb4
{[%clk 1:17:15]} 14. axb4 {[%clk 1:33:41]} Rxa1 {[%clk 1:17:43]} 15. Qxa1
{[%clk 1:34:03]} f5 {[%clk 1:17:59]} 16. Ng5 {[%clk 1:16:18]} Nb8
{[%clk 0:55:02]} 17. Qa8 {[%clk 0:59:43]} f4 {[%clk 0:48:04]} 18. Qxb8
{[%clk 0:56:59]} fxg3 {[%clk 0:40:39]} 19. Bxh5 {[%clk 0:47:31]} gxf2+
{[%clk 0:36:11]} 20. Ke2 {[%clk 0:44:22]} Qf6 {[%clk 0:23:07]} 21. Rf1
{[%clk 0:13:49]} gxh5 {[%clk 0:23:29]} 22. Qa7 {[%clk 0:13:43]} h6
{[%clk 0:23:46]} 23. Rxf2 {[%clk 0:14:05]} Qxf2+ {[%clk 0:24:12]} 24. Qxf2
{[%clk 0:14:30]} Rxf2+ {[%clk 0:24:38]} 25. Kxf2 {[%clk 0:14:55]} hxg5
{[%clk 0:25:06]} 26. Bxg5 {[%clk 0:14:55]} Bxh3 {[%clk 0:24:55]} 27. Nb5
{[%clk 0:14:38]} Kf7 {[%clk 0:16:06]} 28. Nxc7 {[%clk 0:15:01]} Bf8
{[%clk 0:16:14]} 29. Nb5 {[%clk 0:06:00]} Bd7 {[%clk 0:15:06]} 30. Nc3
{[%clk 0:06:19]} Kg6 {[%clk 0:15:27]} 31. Bd8 {[%clk 0:06:22]} Bh6
{[%clk 0:12:01]} 32. Be7 {[%clk 0:04:19]} Bd2 {[%clk 0:12:02]} 33. Na2
{[%clk 0:04:40]} Ba4 {[%clk 0:07:57]} 34. Ke2 {[%clk 0:03:27]} Bf4
{[%clk 0:08:23]} 35. Nc3 {[%clk 0:03:22]} Bc2 {[%clk 0:07:07]} 36. Bxd6
{[%clk 0:01:41]} h4 {[%clk 0:07:29]} 37. Bc5 {[%clk 0:01:04]} h3 {[%clk 0:07:24]}
38. Bg1 {[%clk 0:01:25]} Kf7 {[%clk 0:06:49]} 39. c5 {[%clk 0:01:32]} Ke7
{[%clk 0:02:59]} 40. b5 {[%clk 0:31:21]} h2 {[%clk 0:33:05]} 41. Bxh2
{[%clk 0:30:56]} Bxh2 {[%clk 0:33:32]} 42. c6 {[%clk 0:22:36]} b6
{[%clk 0:24:45]} 43. Kd2 {[%clk 0:19:28]} Bb3 {[%clk 0:25:09]} 44. Kd3
{[%clk 0:19:55]} Bg3 {[%clk 0:21:09]} 45. Ne2 {[%clk 0:15:50]} Bf2
{[%clk 0:20:41]} 46. Nc3 {[%clk 0:13:26]} Be1 {[%clk 0:17:34]} 47. Ne2
{[%clk 0:08:11]} Ba4 {[%clk 0:17:46]} 48. Kc4 {[%clk 0:04:25]} Bc2
{[%clk 0:16:47]} 49. Nc1 {[%clk 0:03:58]} Bxe4 {[%clk 0:16:27]} 50. Nd3
{[%clk 0:04:19]} Bxd3+ {[%clk 0:15:34]} 51. Kxd3 {[%clk 0:04:43]} Bb4
{[%clk 0:15:33]} 52. Ke4 {[%clk 0:05:01]} Bd6 {[%clk 0:15:59]} 53. Kf5
{[%clk 0:05:29]} Kf7 {[%clk 0:16:10]} 0-1